| 000 | 01084nam0a2200313 4500 | ||
|---|---|---|---|
| 001 | RU\NLR\BIBL_A\010003090 | ||
| 005 | 20260406085343.0 | ||
| 010 |
_a978-5-9922-1572-4 _96000 |
||
| 021 |
_aRU _b2013-79365 _95474 |
||
| 035 | _a(NLR Aleph) 010003090 | ||
| 090 |
_a9807669 _c9807669 |
||
| 100 | _a20131112d2013 |||y0rusy50 ca | ||
| 101 | 0 | _arus | |
| 102 | _aRU | ||
| 105 | _aa ||||||||| | ||
| 200 | 1 |
_aКолдовство для олигарха _eроман _fЯна Тройнич, Марина Тройнич _g[худож. В Успенская] |
|
| 210 |
_aМосква _cАРМАДА _cАльфа-Книга _d2013 |
||
| 215 |
_a310, [2] с. _cил. _d21 |
||
| 225 | 1 | _aС лихой историей | |
| 333 | _a16+ | ||
| 686 | 2 | _aШ6(2=Р)8-445 | |
| 700 | 1 |
_aТройнич _bЯ. _gЯна |
|
| 701 | 1 |
_aТройнич _bМ. _gМарина |
|
| 702 | 1 |
_4040 _7ca _8rus _aУспенская _bВ. Ю. _cхудожник _f1964- _gВера Юрьевна _937785 _3RU\NLR\AUTH\7754853 |
|
| 942 | _cBOOK | ||
| 980 | _aNBR | ||
| 980 | _aNB | ||